Horrid Henry and the fangmangler / (Record no. 6466)

MARC details
000 -LEADER
fixed length control field 01466nam a22003017a 4500
001 - CONTROL NUMBER
control field 6466
003 - CONTROL NUMBER IDENTIFIER
control field FISKH
005 - DATE AND TIME OF LATEST TRANSACTION
control field 20250506094833.0
008 - FIXED-LENGTH DATA ELEMENTS--GENERAL INFORMATION
fixed length control field 250506b cb ||||| |||| 00| 0 eng d
020 ## - INTERNATIONAL STANDARD BOOK NUMBER
International Standard Book Number 9781444016062
040 ## - CATALOGING SOURCE
Original cataloging agency FISKH
Language of cataloging eng
Transcribing agency FISKH
Modifying agency FISKH
050 ## - LIBRARY OF CONGRESS CALL NUMBER
Classification number 823.914
082 ## - DEWEY DECIMAL CLASSIFICATION NUMBER
Classification number PZ7.
100 ## - MAIN ENTRY--PERSONAL NAME
Personal name Simon, Francesca
Dates associated with a name (1955-)
245 ## - TITLE STATEMENT
Title Horrid Henry and the fangmangler /
Statement of responsibility, etc. Francesca Simon ; Illustrated by Tony Ross
250 ## - EDITION STATEMENT
Edition statement This edition first published in 1997
260 ## - PUBLICATION, DISTRIBUTION, ETC.
Place of publication, distribution, etc. London :
Name of publisher, distributor, etc. Orion,
Date of publication, distribution, etc. 1997
300 ## - PHYSICAL DESCRIPTION
Extent 78 pages :
Other physical details color illustrations ;
Dimensions 20 cm
505 ## - FORMATTED CONTENTS NOTE
Formatted contents note J<br/>
520 ## - SUMMARY, ETC.
Summary, etc. orrid Henry braves the terrifying Fangmangler in this hilarious story perfect for Early Readers. Early Readers are stepping stones from picture books to reading books. A blue Early Reader is perfect for sharing and reading together. A red Early Reader is the next step on your reading journey. When Henry has no pocket money left to buy a Dungeon Drink kit, he comes up with an ingenious scheme to make some cash and give his friends (and enemies) a scare at the same time. But does the Fangmangler really exist? And if not, which of Henry's evil enemies is out for revenge? A funny, spooky story, perfect for Hallowe'en and all year round.<br/>
521 8# - TARGET AUDIENCE NOTE
Target audience note 460<br/>
Source Lexile<br/>
521 8# - TARGET AUDIENCE NOTE
Target audience note J<br/>
Source Raz-Plus<br/>
650 ## - SUBJECT ADDED ENTRY--TOPICAL TERM
Source of heading or term Moody
Topical term or geographic name entry element Sleep
650 ## - SUBJECT ADDED ENTRY--TOPICAL TERM
Source of heading or term Money
Topical term or geographic name entry element Millions
700 ## - ADDED ENTRY--PERSONAL NAME
Personal name Ross, Tony
Dates associated with a name illustrator
942 ## - ADDED ENTRY ELEMENTS (KOHA)
Source of classification or shelving scheme Dewey Decimal Classification
Koha item type Books
Suppress in OPAC No
Holdings
Withdrawn status Lost status Source of classification or shelving scheme Damaged status Not for loan Collection Home library Current library Shelving location Date acquired Total Checkouts Full call number Barcode Date last seen Copy number Price effective from Koha item type
    Dewey Decimal Classification     Juvenile Fiction Footprints International School Library Network Toul Tom Poung Campus Footprints International School Library Network Toul Tom Poung Campus TTP Primary Dark Blue Bookshelves 05/06/2025   SIM PZ7. 823.914 2025-1149 05/06/2025 1 05/06/2025 Books